[Event "Oslo op"]
[Site "Oslo"]
[Date "2018.10.04"]
[Round "7"]
[White "Gaure, Sigurd Lauvas"]
[Black "Haynes, Noah"]
[Result "0-1"]
[WhiteElo "1569"]
[BlackElo "1680"]
[PlyCount "54"]
[EventDate "2018.09.30"]
[EventType "swiss"]
[EventRounds "10"]
[EventCountry "NOR"]
[SourceTitle "EXT 2020"]
[Source "ChessBase"]
[SourceDate "2019.10.17"]
[SourceVersion "1"]
[SourceVersionDate "2019.10.17"]
[SourceQuality "1"]

1. e4 c5 2. Nf3 d6 3. d4 cxd4 4. Nxd4 Nf6 5. Nc3 g6 6. Be3 Bg7 7. f3 0-0 8. Qd2 Nc6 9. Bc4 Bd7 10. 0-0-0 Rb8 11. g4 Na5 12. Bb3 b5 13. h4 Nc4 14. Bxc4 bxc4 15. h5 Qb6 16. b3 cxb3 17. Nxb3 Qb4 18. Kb2 Bxg4 19. a3 Qc4 20. h6 Bh8 21. e5 Be6 22. exf6 Rxb3+ 23. cxb3 Qxb3+ 24. Kc1 Rb8 25. Qc2 Qxa3+ 26. Kd2 Rb2 27. fxe7 Qxc3+ 0-1

[Event "Oslo Sveins op 11th"]
[Site "Oslo"]
[Date "2018.06.23"]
[Round "2"]
[White "Haynes, Noah"]
[Black "Melaa, Sondre Lillestol"]
[Result "0-1"]
[WhiteElo "1713"]
[BlackElo "2011"]
[PlyCount "70"]
[EventDate "2018.06.22"]
[EventType "swiss"]
[EventRounds "9"]
[EventCountry "NOR"]
[SourceTitle "CBM 185 Extra"]
[Source "ChessBase"]
[SourceDate "2018.07.29"]
[SourceVersion "1"]
[SourceVersionDate "2018.07.29"]
[SourceQuality "1"]

1. d4 Nf6 2. c4 e6 3. Nf3 b6 4. g3 Bb7 5. Bg2 Be7 6. Nc3 0-0 7. d5 Bb4 8. 0-0 Bxc3 9. bxc3 exd5 10. Nh4 c5 11. cxd5 Re8 12. Re1 d6 13. e4 Nbd7 14. Nf5 Qc7 15. a4 c4 16. Bf4 Ne5 17. Bxe5 Rxe5 18. f3 Nxd5 19. f4 Rxf5 20. exf5 Nxc3 21. Qd4 Bxg2 22. Kxg2 Qc6+ 23. Kg1 Nxa4 24. f6 Qc5 25. Red1 Nc3 26. Qxc5 dxc5 27. Rd7 a5 28. Kf2 a4 29. fxg7 a3 30. Ke3 b5 31. Kd2 b4 32. Rc7 Re8 33. Re1 Rxe1 34. Kxe1 a2 35. Ra7 b3 0-1

[Event "London Classic op"]
[Site "London"]
[Date "2017.12.06"]
[Round "6"]
[White "Siddharth, Sabharishankar"]
[Black "Haynes, Noah"]
[Result "1-0"]
[WhiteElo "1837"]
[BlackElo "1535"]
[PlyCount "45"]
[EventDate "2017.12.02"]
[EventType "swiss"]
[EventRounds "9"]
[EventCountry "ENG"]
[SourceTitle "CBM 182 Extra"]
[Source "ChessBase"]
[SourceDate "2018.02.23"]
[SourceVersion "1"]
[SourceVersionDate "2018.02.23"]
[SourceQuality "1"]

1. e4 c5 2. Nf3 d6 3. d4 cxd4 4. Nxd4 Nf6 5. Nc3 g6 6. Be3 Bg7 7. f3 0-0 8. Qd2 Nc6 9. Bc4 Bd7 10. 0-0-0 Rb8 11. h4 Na5 12. Bb3 b5 13. Kb1 Nc4 14. Bxc4 bxc4 15. Ka1 Qa5 16. h5 Nxh5 17. g4 Nf6 18. Bh6 Bxh6 19. Qxh6 Rxb2 20. Kxb2 Rb8+ 21. Nb3 cxb3 22. cxb3 Rc8 23. Nd5 1-0

[Event "London Classic op"]
[Site "London"]
[Date "2017.12.03"]
[Round "3"]
[White "Haynes, Noah"]
[Black "Sellmair, Reinhard"]
[Result "0-1"]
[WhiteElo "1535"]
[BlackElo "1936"]
[PlyCount "60"]
[EventDate "2017.12.02"]
[EventType "swiss"]
[EventRounds "9"]
[EventCountry "ENG"]
[SourceTitle "CBM 182 Extra"]
[Source "ChessBase"]
[SourceDate "2018.02.23"]
[SourceVersion "1"]
[SourceVersionDate "2018.02.23"]
[SourceQuality "1"]

1. d4 d5 2. c4 e6 3. Nc3 c5 4. cxd5 exd5 5. dxc5 d4 6. Ne4 Bf5 7. Ng3 Bg6 8. Nf3 Bxc5 9. e4 Nc6 10. a3 a5 11. Bb5 Nge7 12. 0-0 0-0 13. b3 f6 14. Bb2 Qb6 15. a4 Rad8 16. Rc1 Ne5 17. Nd2 Bb4 18. Nc4 Nxc4 19. Bxc4+ Bf7 20. Bxf7+ Rxf7 21. Qd3 Nc6 22. f4 Bc3 23. Rb1 Nb4 24. Qc4 Kf8 25. Kh1 Rc7 26. Qe2 d3 27. Qh5 g6 28. Qd1 d2 29. Bxc3 Rxc3 30. Rb2 Rc1 0-1

[Event "Oslo op"]
[Site "Fornebu"]
[Date "2017.09.30"]
[Round "3"]
[White "Haynes, Noah"]
[Black "Aure, Anders Nilsson"]
[Result "0-1"]
[WhiteElo "1114"]
[BlackElo "1803"]
[PlyCount "114"]
[EventDate "2017.09.29"]
[EventType "swiss"]
[EventRounds "10"]
[EventCountry "NOR"]
[SourceTitle "CBM 181 Extra"]
[Source "ChessBase"]
[SourceDate "2017.12.12"]
[SourceVersion "1"]
[SourceVersionDate "2017.12.12"]
[SourceQuality "1"]

1. d4 Nf6 2. c4 g6 3. Nc3 d5 4. cxd5 Nxd5 5. e4 Nxc3 6. bxc3 Bg7 7. Bc4 c5 8. Ne2 Nc6 9. Be3 0-0 10. 0-0 Na5 11. Bd3 Bg4 12. f3 cxd4 13. cxd4 Be6 14. Qd2 Nc4 15. Bxc4 Bxc4 16. Rfe1 Qd7 17. Rad1 Rac8 18. Nc3 Rfd8 19. d5 Bxc3 20. Qxc3 Be2 21. Qd4 Bxd1 22. Rxd1 a6 23. Bh6 f6 24. e5 Qf5 25. exf6 Qxf6 26. Qe3 Rc3 27. Qe4 b5 28. h4 Rc4 29. Qe3 Rc3 30. Qe4 Rc4 31. Qe3 Rb8 32. Bg5 Qb6 33. Qxb6 Rxb6 34. Bxe7 Rb7 35. d6 Rd7 36. h5 Kf7 37. hxg6+ hxg6 38. Rd5 Rc2 39. a4 b4 40. Rd4 b3 41. Rb4 b2 42. Kh2 Rxe7 43. dxe7 Kxe7 44. Kh3 Kd6 45. g4 Kc5 46. Rb8 Kd4 47. Kh4 Kc3 48. Kg5 Rf2 49. f4 Kc2 50. Rc8+ Kb3 51. a5 b1Q 52. Rb8+ Ka2 53. Rxb1 Kxb1 54. f5 gxf5 55. gxf5 Ka2 56. f6 Ka3 57. Kg6 Ka4 0-1

[Event "Oslo op"]
[Site "Fornebu"]
[Date "2017.09.30"]
[Round "2"]
[White "Reigstad, Erlend"]
[Black "Haynes, Noah"]
[Result "1/2-1/2"]
[WhiteElo "1687"]
[BlackElo "1114"]
[PlyCount "66"]
[EventDate "2017.09.29"]
[EventType "swiss"]
[EventRounds "10"]
[EventCountry "NOR"]
[SourceTitle "CBM 181 Extra"]
[Source "ChessBase"]
[SourceDate "2017.12.12"]
[SourceVersion "1"]
[SourceVersionDate "2017.12.12"]
[SourceQuality "1"]

1. c4 e6 2. g3 c5 3. Bg2 Nf6 4. b3 d5 5. Bb2 Nc6 6. Nc3 d4 7. Ne4 Nxe4 8. Bxe4 Be7 9. Rc1 0-0 10. f4 Qc7 11. Nf3 Bf6 12. Qc2 g6 13. 0-0 Bg7 14. Ne1 e5 15. f5 Bd7 16. Nd3 a5 17. f6 Bh8 18. Bxc6 Bxc6 19. Nxc5 Qd6 20. Ne4 Bxe4 21. Qxe4 Bxf6 22. Qxb7 Rfb8 23. Qf3 Kg7 24. c5 Qe7 25. c6 Bg5 26. c7 Rc8 27. Rc2 Ra7 28. h4 Bh6 29. g4 Kg8 30. g5 Bg7 31. Qg4 Raxc7 32. Qxc8+ Rxc8 33. Rxc8+ Bf8 1/2-1/2